000 00769 a2200265 4500
001 86216
003 NUST
005 20210208102938.0
008 170620b xxu||||| |||| 00| 0 eng d
038 _aArshad
040 _cNUST
082 _a891.4398
_bWAS
100 _aWasif Ali Wasif
_92946
245 _aGuftagoo-6
_cWasif Ali Wasif
250 _a1st
260 _aLahore
_bKashif Publications
_c2000
300 _a250p.
500 _aGeneral Collection
546 _aIn urdu
650 _aUrdu Literature
_9347
880 _6100-01\(3\r
_aواصف علی واصف
880 _6245-02\(3\r
_aگفتگو ـ6
_cواصف علی واصف
880 _6260-03\(3\r
_aلاہور :
_bکاشف پبلی کیشنز،
_c2000
942 _aCAE NUST
_cBK
_k808.856 WAS
_2ddc
999 _c330579
_d330579